General Knowledge #2 - Statistics

General Stats
  • This quiz has been taken 27 times
  • The average score is 6 of 13
Answer Stats
Hint Answer % Correct
Which city held the 1992 Summer Olympics? Barcelona
80%
Where would I find the city of La Paz? Bolivia
80%
Who was nicknamed "The Maid of Orleans" ? Joan of Arc
72%
What chemical element is commonly known as quicksilver? Mercury
64%
What nationality was inventor Nikola Tesla? Serbian
64%
By what name is Vladimir Ilyich Ulyanov better known? Vladimir Lenin
64%
What year did the Korean War end? 1953
48%
Who composed the music for the movie The Good, the Bad and the Ugly? Ennio Morricone
48%
Which country is widely regarded to be the first nation to adopt Christianity as it's state religion? Armenia
36%
Who directed the film La Strada? Federico Fellini
32%
Who wrote the novel Dune? Frank Herbert
28%
What is Switzerland's highest mountain? Monte Rosa
4%
Who holds the mens 5000 metres world record in athletics? Joshua Cheptegei
0%
No matching quizzes found
Score Distribution
Percent of People with Each Score
Percentile by Number Answered
Your Score History
You have not taken this quiz